00686 2200241 4500001002100000005001700021008004100038035002400079082001200103090001900115100002300134245010500157260002600262300003100288500002700319500001100346650001500357700002300372850001500395980001300410985000600423999001500429YOGYA-0209000003272820090227024718.0 ind  0010-020900000032728 a615.892 a615.892bPer P aPERMADI.D, G. Pong aPedoman praktis belajar akupunktur dan akupunktur kecantikancG. Pong Permadi D., Djuharto.S.Sutanto aBandungbAlumnic1982 axxvi, 300 hlmbilusc21 cm aBibliografi : hlm. 292 aIndeks aAkupungtur aSutanto, Juharto S aYOPDYOG(B) a23-01-07 a1 a06A0014129